Realista / (Record no. 192781)

MARC details
000 -LEADER
campo de control de longitud fija 01755nam a2200505 i 4500
001 - NÚMERO DE CONTROL
campo de control 192781
003 - IDENTIFICADOR DE NÚMERO DE CONTROL
campo de control SpMaBN
005 - FECHA Y HORA DE LA ÚLTIMA TRANSACCIÓN
campo de control 20251017111319.0
007 - CAMPO FIJO DE DESCRIPCIÓN FÍSICA--INFORMACIÓN GENERAL
campo de control de longitud fija ta
008 - DATOS DE LONGITUD FIJA--INFORMACIÓN GENERAL
campo de control de longitud fija 230522s2006 sp | ||| ||spa
017 ## - NÚMERO DE COPYRIGHT O DE DEPÓSITO LEGAL
Número de copyright o de depósito legal M 20480-2006
Agencia que asigna Oficina Depósito Legal Madrid
020 ## - NÚMERO INTERNACIONAL ESTÁNDAR DEL LIBRO
Número Internacional Estándar del Libro 8497648765
035 ## - NÚMERO DE CONTROL DEL SISTEMA
Número de control de sistema (OCoLC)433514008
040 ## - FUENTE DE CATALOGACIÓN
Centro catalogador/agencia de origen SpMaBN
Lengua de catalogación spa
Centro/agencia transcriptor SpMaBN
Normas de descripción rdc
080 ## - NÚMERO DE LA CLASIFICACIÓN DECIMAL UNIVERSAL
Número de la Clasificación Decimal Universal 821.161.1-31"18"
080 ## - NÚMERO DE LA CLASIFICACIÓN DECIMAL UNIVERSAL
Número de la Clasificación Decimal Universal 821.133.1-31"18"
080 ## - NÚMERO DE LA CLASIFICACIÓN DECIMAL UNIVERSAL
Número de la Clasificación Decimal Universal 821.111(73)-34"18"
245 00 - MENCIÓN DEL TÍTULO
Título Realista /
Mención de responsabilidad, etc. [introducción, Rocío Pizarro]
246 ## - FORMA VARIANTE DEL TITULO
Título propio/Titulo breve Novela realista
246 ## - FORMA VARIANTE DEL TITULO
Título propio/Titulo breve Realismo :
Resto del título novela
264 #1 - PRODUCCIÓN, PUBLICACIÓN, DISTRIBUCIÓN, FABRICACIÓN Y COPYRIGHT
Producción, publicación, distribución, fabricación y copyright Arganda del Rey, Madrid :
Nombre del de productor, editor, distribuidor, fabricante Edimat Libros,
Fecha de producción, publicación, distribución, fabricación o copyright [2006]
300 ## - DESCRIPCIÓN FÍSICA
Extensión 686 páginas ;
Dimensiones 24 cm
336 ## - TIPO DE CONTENIDO
Fuente rdacontent
Término de tipo de contenido Texto
337 ## - TIPO DE MEDIO
Fuente rdamedia
Nombre/término del tipo de medio sin mediación
338 ## - TIPO DE SOPORTE
Fuente rdacarrier
Nombre/término del tipo de soporte volumen
490 1# - MENCIÓN DE SERIE
Mención de serie Obras maestras
500 ## - NOTA GENERAL
Nota general Índice
505 0# - NOTA DE CONTENIDO CON FORMATO
Nota de contenido con formato Crimen y castigo / Fiódor Dostoievski. Los vagabundos y otros cuentos / Jack London. Eugenia Grandet / Honorè de Balzac
650 #7 - PUNTO DE ACCESO ADICIONAL DE MATERIA--TÉRMINO DE MATERIA
Término de materia o nombre geográfico como elemento de entrada Novelas
Fuente del encabezamiento o término embne
9 (RLIN) 233904
655 #0 - TERMINO DE INDIZACIÓN--GENERO/FORMA
Datos o término principal de género/forma Novelas
9 (RLIN) 234319
655 #7 - TERMINO DE INDIZACIÓN--GENERO/FORMA
9 (RLIN) 226829
Datos o término principal de género/forma Cuentos
700 1# - ENTRADA AGREGADA--NOMBRE PERSONAL
Nombre de persona Dostoievski, Fiódor,
Fechas asociadas al nombre 1821-1881
Término indicativo de función/relación Autor
9 (RLIN) 242371
700 1# - ENTRADA AGREGADA--NOMBRE PERSONAL
Nombre de persona Balzac, Honoré de,
Fechas asociadas al nombre 1799-1850
9 (RLIN) 25139
Término indicativo de función/relación Autor
700 1# - ENTRADA AGREGADA--NOMBRE PERSONAL
Nombre de persona London, Jack,
Fechas asociadas al nombre 1876-1916
Término indicativo de función/relación Autor
9 (RLIN) 73218
700 1# - ENTRADA AGREGADA--NOMBRE PERSONAL
Nombre de persona Pizarro, Rocío
9 (RLIN) 235470
Término indicativo de función/relación Autor de introducción
740 02 - ENTRADA AGREGADA--TÍTULO RELACIONADO/ANALÍTICO NO CONTROLADO
Título relacionado o analítico no controlado Crimen y castigo
740 42 - ENTRADA AGREGADA--TÍTULO RELACIONADO/ANALÍTICO NO CONTROLADO
Título relacionado o analítico no controlado Los vagabundos y otros cuentos
740 02 - ENTRADA AGREGADA--TÍTULO RELACIONADO/ANALÍTICO NO CONTROLADO
Título relacionado o analítico no controlado Eugenia Grandet
830 ## - PUNTO DE ACCESO ADICIONAL DE SERIE-TÍTULO UNIFORME
Título uniforme Obras maestras (Arganda del Rey)
9 (RLIN) 226297
852 ## - LOCALIZACIÓN
Ubicación ES-MaACL
Sublocalización o colección R.152231
Ubicación en estantería Depósito J
Donativo/Legado Donación: José Lázaro García
Número de control de estantería N-8397
Encuadernación Cartoné
itemnumber 200081
903 ## - NOMBRE PERSONAL DE DONANTE
9 234219
a Lázaro García, José
e Donante
942 ## - ELEMENTOS DE ENTRADA SECUNDARIOS (KOHA)
Suprimir en OPAC No
Tipo de ítem Koha Libro impreso
Holdings
Estatus retirado Estado de pérdida Fuente del sistema de clasificación o colocación Estado de daño No para préstamo Biblioteca de origen Biblioteca actual Ubicación en estantería Fecha de adquisición Fuente de adquisición Total de préstamos Signatura topográfica completa Código de barras Visto por última vez Tipo de ítem Koha
    Clasificación decimal universal     Biblioteca del Ateneo de Madrid Biblioteca del Ateneo de Madrid Depósito J 09/05/2018 Donación   N-8397 101205373 22/05/2023 Libro impreso